| 000 | 00444cam a2200181ua 4500 | ||
|---|---|---|---|
| 020 | _cRs 4.00 | ||
| 041 |
_ahin _h |
||
| 082 |
_a891.54 _bBHA/AK |
||
| 100 | _aBhagavathicharan, Varma . | ||
| 245 |
_aAkhiri danve / _cBhagavaticharan Varma. _hTextual Documents |
||
| 250 |
_a1 / _b. |
||
| 260 |
_aIndia : _bBharati-Bhandar , _c1960. |
||
| 300 | _a273 ; . | ||
| 365 | _aRs 4.00 | ||
| 504 | _a | ||
| 942 | _cBK | ||
| 999 |
_c3453 _d3453 |
||